| 000 | 01185nam a2200205 a 4500 | ||
|---|---|---|---|
| 001 | 44878 | ||
| 005 | 20180714023856.0 | ||
| 008 | 140415s1997 ck 000 0 spa d | ||
| 020 | _a9586253813 | ||
| 041 | _aspa | ||
| 082 |
_a291.2 _bCON |
||
| 110 | 2 |
_aCatholic Church. _bConsejo Episcopal Latinoamericano, |
|
| 245 | 1 | 0 |
_aFE Y TEOLOGIA EN AMERICA LATINA : _bII ENCUENTRO DE PRESIDENTES DE COMISIONES DOCTRINALES DE AMERICA LATINA Y EL CARIBE GUADALAJARA, 1996 |
| 250 | _a1a ed. | ||
| 260 |
_aCOLOMBIA : _bCONSEJO EPISCOPAL LATINOAMERICANO-CELAM, _c1997 |
||
| 300 |
_a77 _cx 14 x 21 |
||
| 490 | _aTERCER MILENIO | ||
| 520 | _aEL II ENCUENTRO DE PRESIDENTES DE COMISIONES DOCTRINALES DE AMERICA LATINA Y EL CARIBE, ORGANIZADO POR LA CONGREGACION PARA LA DOCTRINA DE LA FE Y COORDINADO POR EL CELAM, TUVO LUGAR ENTRE EL 6 Y 11 DE MAYO EN GUADALAJARA. EN ÉL PARTICIPARON TODOS LOS PRESIDENTES DE LAS COMISIONES DOCTRINALES, SALVO LOS DE HAITI Y LAS ANTILLAS. EL CARDENAL JOSEPH RATZINGER INAUGURÓ LA REUNIÓN CON UNA CONFERENCIA SOBRE LA SITUACIÓN ACTUAL DE LA FE Y LA TEOLOGÍA. POSTERIORMENTE , MONS. TARCISIO BERTONE | ||
| 650 | 1 | 4 |
_aFE _xTEOLOGA _xAMERICA LATINA |
| 999 |
_c44878 _d44878 |
||